| 000 | 00652nam a2200229Ia 4500 | ||
|---|---|---|---|
| 003 | OSt | ||
| 005 | 20230516140300.0 | ||
| 008 | 210423s2010 xx 000 0 und d | ||
| 020 | _a978-0-521-18923-1 | ||
| 040 | _cAL | ||
| 041 | _aeng | ||
| 082 | _a407 WALT | ||
| 100 |
_aWALLACE (Michael J) _9105295 |
||
| 245 | _aTraining foreign language teachers: reflective approach | ||
| 260 |
_aNew York _bCambridge University Press _c2010 |
||
| 300 |
_aix,180 _bPB |
||
| 365 |
_b275 _cINR |
||
| 650 |
_aLanguage _9105296 |
||
| 650 |
_aLanguage _9105296 |
||
| 906 | _aapproach ; foreign ; language ; reflective ; teachers: ; Training | ||
| 942 |
_2ddc _cBK |
||
| 999 |
_c166355 _d166355 |
||